000 00514nam a2200205Ia 4500
003 OSt
005 20221007112255.0
006 a|||||r|||| 00| 0
007 ta
008 221006b |||||||| |||| 00| 0 eng d
024 _a25,902
037 _cBound Volume
040 _aLCO
_cLCO
_beng
041 _2eng
_aeng
245 0 _aI.T.R. (ANNUAL DIGEST)
260 _aIndia
_bCompany law institute of pvt. ltd. India
_c1992
490 _v1993
942 _cCR
999 _c1195465
_d1195465